书目信息 |
| 题名: |
坚持社会主义办学方向
|
|
| 作者: | 朱庆葆 主编 | |
| 分册: | ||
| 出版信息: | 北京 中国人民大学出版社 2021.10 |
|
| 页数: | 235页 | |
| 开本: | 24cm | |
| 丛书名: | 新时代马克思主义教育理论创新与发展研究丛书 | |
| 单 册: | ||
| 中图分类: | G510 | |
| 科图分类: | ||
| 主题词: | 办学方针--ban xue fang zhen--研究--中国 | |
| 电子资源: | ||
| ISBN: | 978-7-300-29956-3 | |
| 000 | 01443nam 2200277 450 | |
| 001 | 26669 | |
| 005 | 20220920144816.93 | |
| 010 | @a978-7-300-29956-3@dCNY78.00 | |
| 100 | @a20211130d2021 em y0chiy50 ea | |
| 101 | 0 | @achi |
| 102 | @aCN@b110000 | |
| 105 | @ay a 000yy | |
| 200 | 1 | @a坚持社会主义办学方向@Ajian chi she hui zhu yi ban xue fang xiang@f朱庆葆主编 |
| 210 | @a北京@c中国人民大学出版社@d2021.10 | |
| 215 | @a235页@d24cm | |
| 225 | 2 | @a新时代马克思主义教育理论创新与发展研究丛书@Axin shi dai ma ke si zhu yi jiao yu li lun chuang xin yu fa zhan yan jiu cong shu |
| 300 | @a国家出版基金项目 | |
| 314 | @a朱庆葆, 江南大学教授, 博士生导师。现任江南大学党委书记。 | |
| 320 | @a有书目 (第232-235页) | |
| 330 | @a本书是对教育“九个坚持”理念的高度回应, 是新时代办教育的优秀读本。坚持社会主义办学方向”是对马克思主义教育本质思想的继承和发展, 反映了以习近平同志为核心的党中央对我国教育事业发展的规律性认识。本书是通过探究“坚持社会主义办学方向”论述的思想源泉与基本逻辑, 系统总结其理论意义与时代价值, 进一步明确了“坚持社会主义办学方向”必须具体落实和集中体现在中国教育发展的“四为服务”上, 从而为新时代我国教育事业坚持立德树人根本任务, 实现内涵式发展阐明了方向和路径。 | |
| 410 | 0 | @12001 @a新时代马克思主义教育理论创新与发展研究丛书 |
| 606 | 0 | @a办学方针@Aban xue fang zhen@x研究@y中国 |
| 690 | @aG510@v5 | |
| 701 | 0 | @a朱庆葆@Azhu qing bao@4主编 |
| 801 | 0 | @aCN@c20220910 |
| 905 | @a河南城建学院图书馆@dG510@eZ860@f2 | |
| 坚持社会主义办学方向/朱庆葆主编.-北京:中国人民大学出版社,2021.10 |
| 235页;24cm.-(新时代马克思主义教育理论创新与发展研究丛书) |
| 国家出版基金项目 |
| ISBN 978-7-300-29956-3:CNY78.00 |
| 本书是对教育“九个坚持”理念的高度回应, 是新时代办教育的优秀读本。坚持社会主义办学方向”是对马克思主义教育本质思想的继承和发展, 反映了以习近平同志为核心的党中央对我国教育事业发展的规律性认识。本书是通过探究“坚持社会主义办学方向”论述的思想源泉与基本逻辑, 系统总结其理论意义与时代价值, 进一步明确了“坚持社会主义办学方向”必须具体落实和集中体现在中国教育发展的“四为服务”上, 从而为新时代我国教育事业坚持立德树人根本任务, 实现内涵式发展阐明了方向和路径。 |
| ● |
| 相关链接 |
|
|
|
正题名:坚持社会主义办学方向
索取号:G510/Z860
 
预约/预借
| 序号 | 登录号 | 条形码 | 馆藏地/架位号 | 状态 | 备注 |
| 1 | 1577999 | 215779995 | 社科库409/409社科库 5排1列4层/ [索取号:G510/Z860] | 在馆 | |
| 2 | 1578000 | 215780000 | 社科库409/409社科库 5排1列4层/ [索取号:G510/Z860] | 在馆 |